000 00659nam a22002177a 4500
003 UA-OsUOA
001 42324
007 ta
008 20061101b un ||||| |||| 00| 0 ukr d
090 _a82.09(477.82)
_bВ67
942 _cBK
040 _aUA-OsUOA
_bukr
_cUA-OsUOA
_dUA-OsUOA
245 _aВолинь - Житомирщина
_bісторико-філологічний збірник з регіональних проблем
300 _a174 с.
955 _a1
041 _aukr
080 _a82.09(477.82)
260 _aЖитомир
_c2000
650 7 _a82 Література. Літературознавство
_2UDC
999 _c328455
_d328455